00794nam a2200193 a4500008004100000050002200041100003200063245007000095260003200165300002300197336001000220337001400230338001200244500004700256504003600303505020000339650002600539650003500565150620t20052015mx ||||| |||| 00| 0 spa d aKGF745 bM44 20051 aMéjan, Luis Manueleautor aObligaciones civilesb : Ayuda de memoriac / Luis Manuel Meján aMéxicob : Oxfordc, 2005 axix, 298 páginas atexto asin medio avolumen aIncluye: Indíce analítico (pp.295-298) aIncluye: bibliografía (p.293) aIntroducción Fuentes de las obligaciones Modalidades y complejidades de las obligaciones Trasmisión de las obligaciones Protección del derecho del acreedor Extinsión de las obligaciones  aDERECHO CIVILzMEXICO aOBLIGACIONES (DERECHO)zMEXICO